000 00311 a2200157 4500
001 192174
020 _a978-85-260-2248-5
040 _cMagnum
100 _aMeireles, CecĂ­la
240 1 0 _aSonhos
_lpor
245 1 0 _aSonhos
300 _a105
362 0 _a2016
697 _aLITERATURA GERAL
942 _cBK
999 _c192174
_d192174